Rhetorics $ Prosody / (Record no. 151070)

MARC details
000 -LEADER
fixed length control field 00525nam a22001817a 4500
005 - DATE AND TIME OF LATEST TRANSACTION
control field 20180411154519.0
010 ## - LCCN (DPL NO)
LC control number ENG-122608
020 ## - INTERNATIONAL STANDARD BOOK NUMBER
Terms of availability 250.00
International Standard Book Number 9788184305241
035 ## - SYSTEM CONTROL NUMBER
System control number EN-106140
037 ## - SOURCE OF ACQUISITION
Source of stock number/acquisition DBAD/PUB
082 ## - DEWEY DECIMAL CLASSIFICATION NUMBER
Classification number 808.042
100 ## - MAIN ENTRY--PERSONAL NAME
Personal name Sinha,N.C.
245 ## - TITLE STATEMENT
Title Rhetorics $ Prosody /
Statement of responsibility, etc by N.C.Sinha
260 ## - PUBLICATION, DISTRIBUTION, ETC. (IMPRINT)
Date of publication, distribution, etc 2017
Place of publication, distribution, etc New Delhi
Name of publisher, distributor, etc Ocean Books (P) Ltd.
270 ## - ADDRESS
Address 4/19 Asaf Ali Road,
City New Delhi
Postal code 110002
Electronic mail address info@oceanbooks.in
300 ## - PHYSICAL DESCRIPTION
Dimensions 22cm(Hb)
Extent 128P.
942 ## - ADDED ENTRY ELEMENTS (KOHA)
Item type English Books
Source of classification or shelving scheme Dewey Decimal Classification
Call number suffix SIN
Classification part 808.042
Holdings
Withdrawn status Lost status Not for loan Collection code Home library Current library Date acquired Source of acquisition Cost, normal purchase price Full call number Barcode Copy number Cost, replacement price Koha item type
    Not For Loan Non-fiction D.B.Act.Division Patel Nagar 11/04/2018 DBAD/PUB 250.00 808.042 SIN EN-106140 1 250.00 English Books

© Delhi Public Library
Hit Counter
free hit counter